000 00303nam a2200121Ia 4500
005 20251222152032.0
008 251222s9999||||xx |||||||||||||| ||spa||
082 _a363.61/M61L
245 0 _aLey de recursos hídricos: Ley N° 29338
250 _a1ra.ed.
264 _bBoehringer Ingelheim
942 _cLIB
999 _c25697
_d25697